Los sanfermines / (Record no. 70422)

MARC details
000 -LEADER
campo de control de longitud fija 00844nam a2200217 i 4500
001 - NÚMERO DE CONTROL
campo de control 70422
003 - IDENTIFICADOR DE NÚMERO DE CONTROL
campo de control ES-MaACL
005 - FECHA Y HORA DE LA ÚLTIMA TRANSACCIÓN
campo de control 20251207111957.0
007 - CAMPO FIJO DE DESCRIPCIÓN FÍSICA--INFORMACIÓN GENERAL
campo de control de longitud fija t|
008 - DATOS DE LONGITUD FIJA--INFORMACIÓN GENERAL
campo de control de longitud fija 040723s1963 sp ||||1| spa d
100 1# - ENTRADA PRINCIPAL--NOMBRE DE PERSONA
Nombre de persona García Serrano, Rafael.
9 (RLIN) 55295
245 14 - MENCIÓN DEL TÍTULO
Título Los sanfermines /
Mención de responsabilidad, etc. Rafael García Serrano ; fotografías de Ramón Masats ; texto de Rafael García Serrano ; versión francesa por Claude Martin ; versión inglesa por Alfred Sire ; versión alemana por Francisco de A. Caballero.
260 ## - PUBLICACIÓN, DISTRIBUCIÓN, ETC.
Lugar de publicación, distribución, etc. Madrid :
Nombre del editor, distribuidor, etc. Espasa-Calpe,
Fecha de publicación, distribución, etc. 1963.
300 ## - DESCRIPCIÓN FÍSICA
Extensión 275 p., 152 lám. ;
Dimensiones 29 cm.
700 0# - ENTRADA AGREGADA--NOMBRE PERSONAL
Nombre de persona Masats, Ramón,
Fechas asociadas al nombre 1931-2024
9 (RLIN) 78672
700 1# - ENTRADA AGREGADA--NOMBRE PERSONAL
Nombre de persona Martin, Claude
9 (RLIN) 77277
700 1# - ENTRADA AGREGADA--NOMBRE PERSONAL
Nombre de persona Sire, Alfred.
9 (RLIN) 106668
700 0# - ENTRADA AGREGADA--NOMBRE PERSONAL
Nombre de persona Caballero, Francisco de Asís
9 (RLIN) 33082
852 ## - LOCALIZACIÓN
Ubicación ES-MaACL
Número de control de estantería C-22877
Sublocalización o colección R.51637
Holdings
Estatus retirado Estado de pérdida Estado de daño No para préstamo Biblioteca de origen Biblioteca actual Ubicación en estantería Fecha de adquisición Fuente de adquisición Total de préstamos Signatura topográfica completa Código de barras Visto por última vez Precio de reemplazo Tipo de ítem Koha
        Biblioteca del Ateneo de Madrid Biblioteca del Ateneo de Madrid Depósito 2 17/01/2008     C-22877 1073742 23/02/2023 23/02/2023 Libro impreso